Представление документа в формате RUSMARC

ПолеНазваниеЗначение
  Тип записи i
  Библиографический уровень m
001 Контрольный номер RU/IS/BASE/277915805
005 Дата корректировки 20231018123405.5
010 Индекс ISBN __
d Цена 244-30
101 Язык документа 0_
a Язык текста rus
c Язык оригинала fra
200 Заглавие и сведения об ответственности 1_
a Заглавие Пятнадцатилетний капитан; В погоне за метеором
e Сведения, относящиеся к заглавию аудиоспектакли : [по одноим. произведениям]
f Первые сведения об ответственности Жюль Верн ; [исполн. Л. Любеций и др.]
b Общее обозначение материала Звукозапись
210 Выходные данные 1_
a Место издания М.
c Издательство Бизнессофт
c Издательство ИДДК
d Дата издания 2005
215 Физическое описание __
a Объем 1 электрон. опт. диск (Audio CD) (3 ч. 16 мин.)
225 Серия 2_
a Серия Audiobook
300 Общие примечания __
a Общие примечания AudioCD ; mp3 ; Pentium 100 Mhz ; 16 Md RAM ; 4-x CD-ROM ; звуковая карта ; SVGA ; Windows 98/Me/XP/2000
323 Примечание о главных создателях, исполнителях, участниках __
a Примечание о главных создателях, исполнителях, участниках Любецкий, Л.
a Примечание о главных создателях, исполнителях, участниках Табаков, О. П.
a Примечание о главных создателях, исполнителях, участниках Козелькова, Е.
a Примечание о главных создателях, исполнителях, участниках Литвинов, Н.
a Примечание о главных создателях, исполнителях, участниках Захарова, Б.
a Примечание о главных создателях, исполнителях, участниках Гердт, З.
a Примечание о главных создателях, исполнителях, участниках Понсова, Е.
a Примечание о главных создателях, исполнителях, участниках Конский, Г.
a Примечание о главных создателях, исполнителях, участниках Сергачев, В.
a Примечание о главных создателях, исполнителях, участниках Левинсон, Б.
327 Примечание о содержании 0_
a Примечание о содержании В погоне за метеором
330 Аннотация __
a Аннотация Великолепные спектакли в исполнении ведущих актеров нашей страны. Вас захватит невероятные приключения и ветер дальних странствий. Представлены подробные сведения об авторе.
517 Другие варианты заглавия 1_
a Другие варианты заглавия В погоне за метеором
600 Персоналии _1
a Персоналии (Фамилия) Верн, Ж.
f Даты 1828-1902
g Полное имя Жюль
606 Тематические рубрики __
a Основная рубрика Музыка и зрелищные искусства
606 Тематические рубрики __
a Основная рубрика Художественное радиовещание
z Хронологическая подрубрика 20 в.
610 Ключевые слова 0_
a Ключевые слова радиоспектакли; радиопостановки; аудиопостановки; французская литература; иностранная литература; тема приключений; тема путешествий; тема дружбы; тема семьи; тема подвигов
686 Индексы других классификаций __
a Классификационный индекс 85.38я04; ст85.38я04
700 Автор _1
a Фамилия Верн
b Имя Ж.
g Полное личное имя Жюль
4 Код отношения 070
801 Источник записи _0
a Страна RU
b Организация Муниципальное бюджетное учреждение культуры "Централизованная библиотечная система" г. Сургут (Центральная городская библиотека им. А. С. Пушкина)
g Правила каталогизации КиК/Поспелова
801 Источник записи _1
a Страна RU
b Организация Муниципальное бюджетное учреждение культуры "Централизованная библиотечная система" г. Сургут (Центральная городская библиотека им. А. С. Пушкина)
g Правила каталогизации КиК/Поспелова
852 Данные о местонахождении __
j Шифр хранения 85.38я04
c Каталожный индекс 85.38я04
i Авторский знак В 35
901 Тип документа __
t Тип документа 0
903 Характеристики (МАРС) __
a Дата передачи 20081029
969 Тип издания __
a Тип издания аудиоспектакль; аудиокнига; сборник
990 Данные о заказе (DOS) __
j Количество экземпляров (DOS) 3
h N записи в КСУ для Б/У (DOS) 200811